Normal view
MARC view
- Rixen, D
Entry Personal Name
001 - CONTROL NUMBER
- control field: 6045
003 - CONTROL NUMBER IDENTIFIER
- control field: OSt
005 - DATE AND TIME OF LATEST TRANSACTION
- control field: 20240216103131.0
008 - FIXED-LENGTH DATA ELEMENTS
- fixed length control field: 240216|| aca||aabn | a|a d
040 ## - CATALOGING SOURCE
- Original cataloging agency: OSt
- Transcribing agency: OSt
100 ## - HEADING--PERSONAL NAME
- Personal name: Rixen, D
670 ## - SOURCE DATA FOUND
- Source citation: Work cat.: (OSt)10482: Geradin, M . 6044, Mechanical vibrations: Theory and application to structural dynamics / , 1997.
